| 000 | 00538nam a2200169Ia 4500 | ||
|---|---|---|---|
| 999 |
_c40516 _d40516 |
||
| 003 | OSt | ||
| 005 | 20201202094929.0 | ||
| 008 | 190216s9999||||xx |||||||||||||| ||und|| | ||
| 040 | _coclc | ||
| 082 |
_a894.8124 _bNAM/P |
||
| 100 |
_aNamboodiripad, E M S _95938 |
||
| 245 | 0 |
_aPanchayath Raj : _bPrayogavum Sidhanthavum / _cE M S Namboodiripad |
|
| 260 |
_bKerala Sastra Sahithya Parishad, _aThiruvananthapuram: _c1989. |
||
| 300 | _a91p | ||
| 650 | _aEconomics | ||
| 942 |
_cBK _2ddc _h894.8124 _iNAM/P _k894.8124 _mNAM/P |
||